[Event "XIe open de Saint-Chély d'Aubrac"]
[Site "Saint-Chely d'Aubrac"]
[Date "2011.07.13"]
[Round "6.11"]
[White "Grange, Romain"]
[Black "Kirchhoff, Matthieu"]
[Result "0-1"]
[WhiteElo "1721"]
[BlackElo "1598"]
[PlyCount "90"]

1. d4 c5 2. d5 e5 3. e4 d6 4. c4 Be7 5. Nc3 Nf6 6. Be2 Nbd7 7. Nf3 Nf8 8. h3
Ng6 9. a3 a5 10. Qc2 h5 11. Bd2 Bd7 12. Bd3 h4 13. Qb3 b6 14. Qd1 Nh5 15. Ne2
O-O 16. Qc2 Qc8 17. a4 f5 18. O-O-O fxe4 19. Bxe4 Bf5 20. Bxf5 Qxf5 21. Qxf5
Rxf5 22. Rdf1 Ngf4 23. Nxf4 Nxf4 24. Bxf4 Rxf4 25. Nd2 Raf8 26. f3 Bg5 27. b3
Rd4 28. Rd1 e4 29. Kc2 Bxd2 30. Rxd2 Rxd2+ 31. Kxd2 exf3 32. Ke3 fxg2 33. Rg1
Rf1 34. Rxg2 Rb1 35. Rg6 Rxb3+ 36. Kf2 Rxh3 37. Rxd6 Ra3 38. Rc6 Kf7 39. Rc7+
Kf6 40. Rc6+ Kf5 41. Rc8 h3 42. Rf8+ Kg4 43. Re8 Rf3+ 44. Ke2 h2 45. Rh8 Rh3
0-1

[Event "XIe open de Saint-Chély d'Aubrac"]
[Site "Saint-Chely d'Aubrac"]
[Date "2011.07.13"]
[Round "6.12"]
[White "Goulesque, Camille"]
[Black "Neff, Thomas"]
[Result "0-1"]
[WhiteElo "1660"]
[BlackElo "1424"]
[PlyCount "104"]
[EventDate "2011.??.??"]

1. e4 d5 2. exd5 Qxd5 3. Nc3 Qa5 4. d4 Nf6 5. Bd2 c6 6. Ne4 Qc7 7. Nxf6+ exf6
8. Bd3 Bd6 9. c4 O-O 10. Qc2 Re8+ 11. Ne2 h6 12. O-O-O Nd7 13. Rde1 b6 14. Ng3
Ba6 15. Nf5 Bf4 16. Kb1 Bxd2 17. Qxd2 Nf8 18. h4 Qd7 19. h5 Rxe1+ 20. Rxe1 Re8
21. Qd1 Rxe1 22. Qxe1 Bb7 23. Qe7 Bc8 24. Qe4 Qxf5 25. Qxf5 Bxf5 26. Bxf5 Ne6
27. d5 cxd5 28. cxd5 Nf4 29. d6 Kf8 30. g4 g6 31. hxg6 fxg6 32. Be4 Kf7 33. d7
Ke7 34. Bc6 Nd3 35. Be4 Nxf2 36. Bxg6 Nxg4 37. Bf5 Ne5 38. Kc2 Nxd7 39. Kd3
Ne5+ 40. Kd4 Kd6 41. b4 Nf7 42. a4 Ng5 43. Bg4 Kc6 44. Be2 Kd6 45. Ke3 Ke5 46.
Kd2 Kd4 47. Kc2 f5 48. Kb3 f4 49. a5 f3 50. Bb5 bxa5 51. bxa5 Kc5 52. Ba6 h5
0-1

[Event "XIe open de Saint-Chély d'Aubrac"]
[Site "Saint-Chely d'Aubrac"]
[Date "2011.07.13"]
[Round "6.13"]
[White "Herrero, Alain"]
[Black "Joyeux, Gerard"]
[Result "1/2-1/2"]
[WhiteElo "1774"]
[BlackElo "1633"]
[PlyCount "53"]

1. d4 d5 2. c4 e5 3. dxe5 d4 4. Nf3 Nc6 5. g3 Nge7 6. Bg2 Ng6 7. O-O Ngxe5 8.
b3 Bg4 9. Ba3 Nxf3+ 10. exf3 Be6 11. Bxf8 Rxf8 12. Nd2 Qd7 13. Ne4 Qe7 14. Qd2
f5 15. Ng5 O-O-O 16. Nxe6 Qxe6 17. f4 d3 18. Rfe1 Qd6 19. a3 Rfe8 20. b4 Nd4
21. Re5 Rxe5 22. fxe5 Qxe5 23. Re1 Ne2+ 24. Kf1 c6 25. Bf3 g6 26. Bxe2 dxe2+
27. Qxe2 1/2-1/2

[Event "XIe open de Saint-Chély d'Aubrac"]
[Site "Saint-Chely d'Aubrac"]
[Date "2011.07.13"]
[Round "6.14"]
[White "Meyer, Eric"]
[Black "Souttre, Matthieu"]
[Result "0-1"]
[WhiteElo "1708"]
[BlackElo "1490"]
[PlyCount "104"]

1. d4 c5 2. d5 d6 3. c4 g6 4. Nc3 Bg7 5. Nf3 Nf6 6. e4 O-O 7. Be2 Nbd7 8. O-O
b6 9. Rb1 Bb7 10. Be3 Ng4 11. Bf4 Nde5 12. Nd2 a6 13. a3 Qc7 14. Be3 Nf6 15. f4
Ned7 16. Nf3 Rfe8 17. Bf2 Ng4 18. Bg3 Ne3 19. Qd3 Nxf1 20. Rxf1 Nf6 21. Kh1 Nh5
22. Nh4 Nxg3+ 23. Qxg3 e6 24. f5 exf5 25. exf5 Bxc3 26. fxg6 fxg6 27. Bg4 Be5
28. Qh3 Bc8 29. Be6+ Bxe6 30. dxe6 Rf8 31. Re1 Qe7 32. Nf3 Bxb2 33. a4 Bg7 34.
Re4 Bf6 35. g4 Kg7 36. Qg2 Bg5 37. h3 Rf4 38. Nxg5 Rxe4 39. Qxe4 Re8 40. Qf4 h6
41. Nf7 Qxe6 42. Qxh6+ Kxf7 43. Qh7+ Kf6 44. Qh4+ g5 45. Qh6+ Ke7 46. Qxg5+ Kd7
47. Qc1 Qe1+ 48. Qxe1 Rxe1+ 49. Kg2 Re4 50. Kg3 Ke7 51. g5 Kf7 52. h4 Kg6 0-1

[Event "XIe open de Saint-Chély d'Aubrac"]
[Site "Saint-Chely d'Aubrac"]
[Date "2011.07.13"]
[Round "6.15"]
[White "Manser, Lucas"]
[Black "Grange, Emmanuel"]
[Result "1/2-1/2"]
[WhiteElo "1640"]
[BlackElo "1675"]
[PlyCount "76"]

1. e4 Nf6 2. e5 Nd5 3. d4 d6 4. c4 Nb6 5. exd6 exd6 6. Nc3 Bf5 7. Bd3 Qf6 8.
Bxf5 Qxf5 9. Qe2+ Qe6 10. Qxe6+ fxe6 11. b3 Be7 12. Be3 O-O 13. Nf3 a6 14. d5
Bf6 15. Rc1 Re8 16. O-O N8d7 17. dxe6 Rxe6 18. Nd4 Bxd4 19. Bxd4 Rae8 20. f3 c6
21. Rcd1 Nc8 22. Bf2 Nf6 23. Rd2 b5 24. cxb5 axb5 25. Rfd1 Kf7 26. Kf1 g6 27.
Bh4 h6 28. Bxf6 Kxf6 29. Ne4+ Ke5 30. Re2 Kf5 31. g4+ Kf4 32. Rd4 Ke5 33. Rdd2
Kf4 34. Rd4 Ke5 35. Rb4 Kd5 36. Rd2+ Ke5 37. Re2 Kd5 38. Rd2+ Ke5 1/2-1/2

[Event "XIe open de Saint-Chély d'Aubrac"]
[Site "Saint-Chely d'Aubrac"]
[Date "2011.07.13"]
[Round "6.16"]
[White "Costa, Matthieu"]
[Black "Marie, Olivier"]
[Result "1-0"]
[WhiteElo "1566"]
[BlackElo "1678"]
[PlyCount "111"]

1. e4 d5 2. exd5 c6 3. d6 e5 4. Nc3 Bxd6 5. Nf3 Be6 6. d3 Ne7 7. Ne4 Ng6 8.
Nfg5 Bc8 9. Qf3 f6 10. Nxd6+ Qxd6 11. Ne4 Qe6 12. Be3 Nd7 13. g3 Ne7 14. Nc3
Nd5 15. Nxd5 cxd5 16. Bg2 d4 17. Bd2 a5 18. O-O O-O 19. Qd5 Qxd5 20. Bxd5+ Kh8
21. f4 Nb6 22. Bg2 Nd7 23. Rf2 exf4 24. Rxf4 Ne5 25. Rxd4 Be6 26. Ra4 Bg4 27.
Rxa5 Nf3+ 28. Bxf3 Bxf3 29. Rxa8 Rxa8 30. Kf2 Bd5 31. c4 Bf7 32. a4 Bg6 33. d4
Bd3 34. c5 Bc2 35. a5 Bb3 36. Ra3 Bd5 37. b4 Rd8 38. a6 bxa6 39. Rxa6 Kg8 40.
Ra7 Bc6 41. Bc3 Re8 42. Rc7 Bb5 43. d5 Re2+ 44. Kg1 Rc2 45. d6 Rc1+ 46. Kg2
Bf1+ 47. Kf2 Bh3 48. d7 Bxd7 49. Rxd7 Rxc3 50. Rc7 Rc2+ 51. Kg1 Rc1+ 52. Kg2
Rc2+ 53. Kh3 Rc4 54. b5 g5 55. b6 g4+ 56. Kh4 1-0

[Event "XIe open de Saint-Chély d'Aubrac"]
[Site "Saint-Chely d'Aubrac"]
[Date "2011.07.13"]
[Round "6.17"]
[White "Guerry, Emilien"]
[Black "Grange, Gary"]
[Result "1-0"]
[WhiteElo "1471"]
[BlackElo "1261"]
[PlyCount "41"]

1. e4 e5 2. Nf3 Nc6 3. Bb5 Nf6 4. O-O Nxe4 5. d4 f6 6. dxe5 Nxe5 7. Nxe5 fxe5
8. Re1 Nf6 9. Rxe5+ Be7 10. Bg5 O-O 11. Nc3 Bd6 12. Re1 h6 13. Bxf6 Qxf6 14.
Ne4 Qe5 15. Nxd6 Qxd6 16. Qxd6 cxd6 17. Rad1 a6 18. Bc4+ Kh7 19. Rxd6 b5 20.
Bd3+ Kh8 21. Bg6 1-0

[Event "XIe open de Saint-Chély d'Aubrac"]
[Site "Saint-Chely d'Aubrac"]
[Date "2011.07.13"]
[Round "6.18"]
[White "Levy, Nicolas"]
[Black "Meyer, Bernard"]
[Result "1-0"]
[WhiteElo "1657"]
[BlackElo "1464"]
[PlyCount "85"]
[EventDate "2011.??.??"]

1. f4 d5 2. Nf3 Nc6 3. e3 Nf6 4. b3 e6 5. Bb5 Bd7 6. Bxc6 Bxc6 7. Ne5 Bb5 8. d3
Bd6 9. Ng4 O-O 10. Bb2 Ne8 11. O-O f5 12. Ne5 Be7 13. Rf3 Bf6 14. Rh3 Qe7 15.
Qh5 g6 16. Qf3 Rd8 17. g4 fxg4 18. Qxg4 Rd6 19. Ba3 Bxe5 20. fxe5 Qf7 21. Qf4
Qg7 22. Qg5 Rf5 23. Qg4 Ra6 24. Bb2 c5 25. Nd2 Rc6 26. e4 dxe4 27. Nxe4 Rc7 28.
Ng3 Rf8 29. Qxe6+ Rcf7 30. Nf5 Nc7 31. Nh6+ Qxh6 32. Qxf7+ Rxf7 33. Rxh6 Ne6
34. Rh3 Bc6 35. Rf1 Nf4 36. Re3 Ne6 37. Rxf7 Kxf7 38. c3 b5 39. d4 c4 40. bxc4
bxc4 41. Re2 Nf4 42. Rf2 g5 43. Bc1 1-0

[Event "XIe open de Saint-Chély d'Aubrac"]
[Site "Saint-Chely d'Aubrac"]
[Date "2011.07.13"]
[Round "6.19"]
[White "Hug, Roxana"]
[Black "Taravel, Arno"]
[Result "0-1"]
[WhiteElo "1530"]
[BlackElo "1410"]
[PlyCount "119"]

1. e4 e5 2. Nf3 Nc6 3. Bb5 d6 4. d4 exd4 5. Nxd4 Bd7 6. Nxc6 Bxc6 7. Bxc6+ bxc6
8. O-O Be7 9. Nc3 Nf6 10. Be3 O-O 11. f4 Nd7 12. Qf3 Nb6 13. Rad1 Nc4 14. Bc1
Rb8 15. b3 Nb6 16. g4 f6 17. f5 Nd7 18. Qg2 Ne5 19. Be3 Ra8 20. Ne2 a5 21. Nd4
Qd7 22. Ne6 Rfb8 23. Kh1 Nf7 24. Rg1 a4 25. Nc5 Qe8 26. Nxa4 c5 27. Nc3 c6 28.
a4 Bf8 29. Bf4 Rb4 30. Bc1 Ne5 31. Bb2 Rd8 32. Na2 Rbb8 33. Nc1 Rd7 34. Bxe5
fxe5 35. g5 g6 36. f6 Qf7 37. Ne2 Rb4 38. Nc3 c4 39. Na2 Rbb7 40. Nc1 cxb3 41.
cxb3 Rb4 42. Rgf1 Rbb7 43. Rf2 d5 44. Rfd2 d4 45. Rd3 Ba3 46. Qc2 c5 47. h3 Bb4
48. Na2 Ba3 49. Nc1 Rdc7 50. Qa2 Bb4 51. Ne2 Ra7 52. Rc1 Ra5 53. Kg1 Rca7 54.
Ra1 c4 55. Rg3 Bc5 56. Rb1 d3+ 57. Kg2 cxb3 58. Qd2 dxe2 59. Qxe2 Kh8 60. Ra1
0-1

[Event "XIe open de Saint-Chély d'Aubrac"]
[Site "Saint-Chely d'Aubrac"]
[Date "2011.07.13"]
[Round "6.20"]
[White "Pierron, Baptiste"]
[Black "Barnicol, Georges"]
[Result "1/2-1/2"]
[WhiteElo "1430"]
[BlackElo "1580"]
[PlyCount "46"]

1. e4 c5 2. Bc4 e6 3. Nf3 a6 4. a3 Nc6 5. d3 d5 6. exd5 exd5 7. Ba2 Nf6 8. Bg5
Be7 9. O-O O-O 10. Re1 Be6 11. Nc3 Qd7 12. h3 Rfe8 13. Re2 h6 14. Bh4 b5 15.
Rb1 Nd4 16. Re1 Nf5 17. Bxf6 Bxf6 18. Qd2 Rad8 19. Ne2 Qd6 20. Nf4 Qc6 21. Nxe6
Rxe6 22. Rxe6 Qxe6 23. c3 Qc6 1/2-1/2

[Event "XIe open de Saint-Chély d'Aubrac"]
[Site "Saint-Chely d'Aubrac"]
[Date "2011.07.14"]
[Round "7.1"]
[White "Riff, Jean-Noel"]
[Black "Benmesbah, Natacha"]
[Result "1-0"]
[WhiteElo "2493"]
[BlackElo "2217"]
[PlyCount "39"]
[EventDate "2011.??.??"]

1. e4 c5 2. Nc3 Nc6 3. Nf3 d6 4. Bb5 Bd7 5. Bxc6 Bxc6 6. d4 cxd4 7. Qxd4 e5 8.
Qd3 h6 9. O-O Nf6 10. Rd1 Be7 11. Nh4 Nxe4 12. Nxe4 Bxh4 13. Nxd6+ Kf8 14. Be3
Kg8 15. Qc4 Qf6 16. f3 Bg5 17. Bf2 Qf4 18. Re1 Be7 19. Qxf4 exf4 20. Rxe7 1-0

[Event "XIe open de Saint-Chély d'Aubrac"]
[Site "Saint-Chely d'Aubrac"]
[Date "2011.07.14"]
[Round "7.2"]
[White "Cornette, Matthieu"]
[Black "Galloux, Maxime"]
[Result "1-0"]
[WhiteElo "2568"]
[BlackElo "2075"]
[PlyCount "49"]
[EventDate "2011.??.??"]

1. d4 Nf6 2. c4 g6 3. Nc3 Bg7 4. e4 d6 5. Nf3 O-O 6. h3 Na6 7. Bg5 e5 8. d5 Qe8
9. g4 Nc5 10. Nd2 a5 11. Be2 c6 12. h4 Nfd7 13. Nf1 f6 14. Be3 f5 15. gxf5 gxf5
16. exf5 Qe7 17. Ng3 Nf6 18. Qd2 a4 19. h5 e4 20. h6 Bh8 21. Bxc5 dxc5 22.
O-O-O a3 23. Qg5+ Kf7 24. d6 Qe5 25. d7 1-0

[Event "XIe open de Saint-Chély d'Aubrac"]
[Site "Saint-Chely d'Aubrac"]
[Date "2011.07.14"]
[Round "7.3"]
[White "Guichard, Pauline"]
[Black "Muller, Anne"]
[Result "1-0"]
[WhiteElo "2305"]
[BlackElo "2140"]
[PlyCount "101"]
[EventDate "2011.??.??"]

1. d4 Nf6 2. c4 e6 3. Nc3 Bb4 4. e3 c5 5. Nf3 O-O 6. Bd3 d5 7. O-O Nc6 8. a3
Bxc3 9. bxc3 Qc7 10. cxd5 exd5 11. a4 c4 12. Bc2 Bg4 13. Qe1 Rfe8 14. Ba3 Bh5
15. Nh4 b6 16. f3 Na5 17. e4 Nb3 18. Rb1 Qc6 19. e5 Nd7 20. f4 Qxa4 21. Bb2 Qc6
22. f5 Nf6 23. Qe3 Ne4 24. Bxe4 dxe4 25. Rbe1 a5 26. g4 Bxg4 27. Qg5 Bxf5 28.
Nxf5 Qg6 29. Qxg6 hxg6 30. Nd6 Re6 31. Nxe4 b5 32. Ba3 Rb6 33. Bc5 Nxc5 34.
Nxc5 b4 35. Rb1 b3 36. Na4 Rb5 37. Rb2 Kf8 38. Rd2 Ke7 39. d5 Rd8 40. Rfd1 f6
41. e6 Kd6 42. Nb2 Rc5 43. Rd4 Rdc8 44. Kf2 R8c7 45. R1d2 Rc8 46. Ke1 R8c7 47.
Kd1 Rc8 48. Re2 Rxd5 49. Nxc4+ Kc5 50. Rxd5+ Kxd5 51. Nb6+ 1-0

[Event "XIe open de Saint-Chély d'Aubrac"]
[Site "Saint-Chely d'Aubrac"]
[Date "2011.07.14"]
[Round "7.4"]
[White "Van Hoolandt, Patrick"]
[Black "De Leeuw, Johannes"]
[Result "1-0"]
[WhiteElo "2166"]
[BlackElo "1827"]
[PlyCount "71"]
[EventDate "2011.??.??"]

1. d4 d5 2. c4 e6 3. Nf3 c5 4. cxd5 Qxd5 5. Nc3 Qd8 6. e4 cxd4 7. Nxd4 Nc6 8.
Be3 Nf6 9. Bb5 Bd7 10. O-O Be7 11. Nxc6 Bxc6 12. Bxc6+ bxc6 13. Qa4 Qc7 14. Bf4
Qb6 15. Qc4 O-O 16. Na4 Qb5 17. Rac1 Rfc8 18. Rc2 h6 19. Rfc1 Qxc4 20. Rxc4 c5
21. b4 Kf8 22. f3 Ke8 23. Kf2 Rc6 24. b5 Rcc8 25. Nxc5 Bxc5+ 26. Rxc5 Rd8 27.
a4 Rd4 28. Rc8+ Rd8 29. Rxa8 Rxa8 30. Rc7 Nd7 31. Be3 a6 32. b6 a5 33. b7 Rd8
34. Rc8 Ke7 35. Bc5+ Ke8 36. Bb6 1-0

[Event "XIe open de Saint-Chély d'Aubrac"]
[Site "Saint-Chely d'Aubrac"]
[Date "2011.07.14"]
[Round "7.5"]
[White "Biaux, Alain"]
[Black "Messinger, Karl"]
[Result "1-0"]
[WhiteElo "1909"]
[BlackElo "1988"]
[PlyCount "71"]
[EventDate "2011.??.??"]

1. e4 c5 2. Nf3 Nc6 3. d4 cxd4 4. Nxd4 g6 5. Nc3 Bg7 6. Nb3 Nf6 7. Be2 O-O 8.
O-O d6 9. Bg5 Be6 10. Re1 Na5 11. Nd5 Bxd5 12. exd5 Rc8 13. Nxa5 Qxa5 14. Bf3
Rc7 15. c3 b5 16. Qd2 Rb8 17. a3 Qb6 18. Re2 a5 19. g3 Rcb7 20. Rae1 Kf8 21.
Be3 Qd8 22. Bd4 Ne8 23. h4 Bxd4 24. Qxd4 Nf6 25. h5 b4 26. hxg6 hxg6 27. axb4
axb4 28. c4 b3 29. Kg2 Kg7 30. g4 Qb6 31. Qf4 Ng8 32. Rh1 Qb4 33. Qh2 Qxc4 34.
Qh8+ Kf8 35. Rh7 Qf4 36. Rg7 1-0

[Event "XIe open de Saint-Chély d'Aubrac"]
[Site "Saint-Chely d'Aubrac"]
[Date "2011.07.14"]
[Round "7.6"]
[White "Tassetti, Florent"]
[Black "Devoille, Hugo"]
[Result "1/2-1/2"]
[WhiteElo "1692"]
[BlackElo "1786"]
[PlyCount "42"]
[EventDate "2011.??.??"]

1. c4 c6 2. g3 Nf6 3. Bg2 d5 4. cxd5 cxd5 5. Nf3 e6 6. O-O Bd6 7. Nc3 O-O 8.
Nb5 Be7 9. d3 Bd7 10. Nbd4 Nc6 11. Bf4 Nh5 12. Nxc6 bxc6 13. Qd2 Nxf4 14. Qxf4
c5 15. Rac1 Rc8 16. b3 Bb5 17. Rfd1 Bd6 18. Qd2 Qb6 19. e4 Rfd8 20. Qb2 Be7 21.
e5 Rc7 1/2-1/2

[Event "XIe open de Saint-Chély d'Aubrac"]
[Site "Saint-Chely d'Aubrac"]
[Date "2011.07.14"]
[Round "7.7"]
[White "Neff, Thomas"]
[Black "Carno, Matthias"]
[Result "0-1"]
[WhiteElo "1424"]
[BlackElo "1921"]
[PlyCount "70"]
[EventDate "2011.??.??"]

1. c4 f5 2. Nc3 g6 3. d4 Bg7 4. g3 Nf6 5. Bg2 O-O 6. Nf3 d6 7. O-O Nbd7 8. b4
e5 9. dxe5 Nxe5 10. Nxe5 dxe5 11. Bb2 c6 12. Qxd8 Rxd8 13. Rfd1 Be6 14. c5 e4
15. a3 Nd5 16. Na4 Bxb2 17. Nxb2 Nc3 18. Re1 Rd2 19. Nd1 Nxe2+ 20. Kh1 Rad8 21.
Ne3 Nc3 22. Kg1 Rb2 23. Nd1 Nxd1 24. Rexd1 Rdd2 25. Rxd2 Rxd2 26. Bf1 Kf7 27.
f3 exf3 28. Rc1 Bd5 29. Bc4 f2+ 30. Kf1 Ke6 31. Bxd5+ Kxd5 32. Rc3 Ke4 33. Rc4+
Kd3 34. Rf4 Ke3 35. Rc4 Rd1+ 0-1

[Event "XIe open de Saint-Chély d'Aubrac"]
[Site "Saint-Chely d'Aubrac"]
[Date "2011.07.14"]
[Round "7.8"]
[White "Kirchhoff, Matthieu"]
[Black "Huin, Eric"]
[Result "1/2-1/2"]
[WhiteElo "1598"]
[BlackElo "1869"]
[PlyCount "33"]
[EventDate "2011.??.??"]

1. d4 Nf6 2. Nf3 d6 3. Bf4 g6 4. e3 Bg7 5. Be2 Nbd7 6. c4 c6 7. h3 Qa5+ 8. Qd2
Qxd2+ 9. Nbxd2 O-O 10. b4 Re8 11. Nb3 e5 12. Bh2 Ne4 13. Rc1 exd4 14. Nfxd4 Be5
15. Bxe5 Nxe5 16. Nf3 Nxf3+ 17. Bxf3 1/2-1/2

[Event "XIe open de Saint-Chély d'Aubrac"]
[Site "Saint-Chely d'Aubrac"]
[Date "2011.07.14"]
[Round "7.9"]
[White "Lagunes, Robin"]
[Black "Schmitt, Claude"]
[Result "1-0"]
[WhiteElo "1835"]
[BlackElo "1831"]
[PlyCount "40"]
[EventDate "2011.??.??"]

1. e4 c5 2. Nf3 e6 3. d4 cxd4 4. Nxd4 a6 5. Nc3 d6 6. Be3 Nf6 7. Qd2 Be7 8. f3
Qc7 9. O-O-O b5 10. g4 h6 11. Bg2 Bb7 12. h4 Nbd7 13. g5 hxg5 14. hxg5 Rxh1 15.
Rxh1 Ne5 16. Rh8+ Bf8 17. Ncxb5 axb5 18. Nxb5 Qc6 19. Nxd6+ Ke7 20. Nxb7 Rxa2
1-0

[Event "XIe open de Saint-Chély d'Aubrac"]
[Site "Saint-Chely d'Aubrac"]
[Date "2011.07.14"]
[Round "7.10"]
[White "Lagunes, Jean-Renaud"]
[Black "Costa, Matthieu"]
[Result "1-0"]
[WhiteElo "2116"]
[BlackElo "1566"]
[PlyCount "101"]
[EventDate "2011.??.??"]

1. e4 e5 2. Nf3 Nc6 3. Bb5 Nf6 4. Qe2 d6 5. h3 Bd7 6. c3 a6 7. Ba4 Na5 8. Bc2
g6 9. O-O Bg7 10. Rd1 O-O 11. d3 Re8 12. Nbd2 Qe7 13. Nf1 Nc6 14. Bg5 Nd8 15.
Bb3 Be6 16. c4 b5 17. Ne3 c6 18. Ng4 Bxg4 19. hxg4 Ne6 20. cxb5 cxb5 21. Rac1
Rac8 22. Qd2 Qd7 23. Bxe6 Qxe6 24. Bxf6 Qxf6 25. Qa5 d5 26. g5 Qe6 27. b3 dxe4
28. dxe4 Rxc1 29. Rxc1 Rc8 30. Rxc8+ Qxc8 31. g3 Kf8 32. Qb4+ Ke8 33. Qd6 Qe6
34. Qb8+ Ke7 35. Qg8 Qg4 36. Kg2 Bf8 37. Qxf7+ Kxf7 38. Nxe5+ Ke6 39. Nxg4 Bg7
40. f4 a5 41. Kf3 Kd6 42. Nf6 Kc5 43. e5 Kb4 44. Nd7 Ka3 45. e6 Kxa2 46. e7
Kxb3 47. e8=Q a4 48. Qg8+ Kc2 49. Qxg7 a3 50. Ke2 Kb1 51. Qc3 1-0

[Event "XIe open de Saint-Chély d'Aubrac"]
[Site "Saint-Chely d'Aubrac"]
[Date "2011.07.14"]
[Round "7.11"]
[White "Hug, Timothee"]
[Black "Griggio, Jean-Paul"]
[Result "1/2-1/2"]
[WhiteElo "1786"]
[BlackElo "1784"]
[PlyCount "60"]
[EventDate "2011.??.??"]

1. e4 d5 2. exd5 Qxd5 3. Nf3 Bg4 4. Be2 Nf6 5. O-O e6 6. c4 Qd8 7. Qb3 Qc8 8.
d4 c6 9. Nc3 Nbd7 10. Bf4 Be7 11. Rfe1 O-O 12. Ne5 Bxe2 13. Rxe2 Re8 14. Rae1
Bf8 15. Nxd7 Qxd7 16. Rd1 a6 17. a4 Qe7 18. Bg5 Qb4 19. Qxb4 Bxb4 20. Bxf6 gxf6
21. Ne4 Be7 22. Re3 b5 23. axb5 cxb5 24. cxb5 axb5 25. Rb3 b4 26. Kf1 Rec8 27.
Ke2 Rc2+ 28. Rd2 Rac8 29. Rxc2 Rxc2+ 30. Kd3 Rc8 1/2-1/2

[Event "XIe open de Saint-Chély d'Aubrac"]
[Site "Saint-Chely d'Aubrac"]
[Date "2011.07.14"]
[Round "7.12"]
[White "Souttre, Matthieu"]
[Black "Herrero, Alain"]
[Result "1/2-1/2"]
[WhiteElo "1490"]
[BlackElo "1774"]
[PlyCount "65"]
[EventDate "2011.??.??"]

1. d4 Nf6 2. c4 g6 3. Nc3 d5 4. cxd5 Nxd5 5. e4 Nxc3 6. bxc3 Bg7 7. Nf3 c5 8.
Bb2 O-O 9. Be2 Nc6 10. O-O Bg4 11. d5 Ne5 12. Nxe5 Bxe2 13. Qxe2 Bxe5 14. f4
Bg7 15. c4 Bxb2 16. Qxb2 Qd7 17. a4 b6 18. Qb5 Rfd8 19. Qxd7 Rxd7 20. Ra3 e6
21. a5 Rb8 22. Rb1 Kf8 23. axb6 axb6 24. Ra6 Rdb7 25. d6 Ke8 26. Kf2 b5 27.
cxb5 Rxb5 28. Rxb5 Rxb5 29. Ra7 Rb4 30. Kf3 Rd4 31. e5 h5 32. Rc7 c4 33. Ke3
1/2-1/2

[Event "XIe open de Saint-Chély d'Aubrac"]
[Site "Saint-Chely d'Aubrac"]
[Date "2011.07.14"]
[Round "7.13"]
[White "Joyeux, Gerard"]
[Black "Grange, Romain"]
[Result "1-0"]
[WhiteElo "1633"]
[BlackElo "1721"]
[PlyCount "33"]
[EventDate "2011.??.??"]

1. d4 f5 2. e4 fxe4 3. f3 exf3 4. Nxf3 Nf6 5. Bd3 e6 6. O-O Be7 7. Nc3 b6 8.
Bg5 Bb7 9. Bxf6 Bxf6 10. Ne5 Ke7 11. Ne4 Bxe4 12. Bxe4 d5 13. Bd3 Bxe5 14. dxe5
Nd7 15. Qh5 g6 16. Qg5+ Ke8 17. Bxg6+ 1-0

[Event "XIe open de Saint-Chély d'Aubrac"]
[Site "Saint-Chely d'Aubrac"]
[Date "2011.07.14"]
[Round "7.14"]
[White "Grange, Emmanuel"]
[Black "Goulesque, Camille"]
[Result "1-0"]
[WhiteElo "1675"]
[BlackElo "1660"]
[PlyCount "83"]
[EventDate "2011.??.??"]

1. e4 e5 2. Nf3 Nf6 3. Nxe5 d6 4. Nf3 Nxe4 5. d4 d5 6. Bd3 Nc6 7. O-O Bg4 8. c3
Qf6 9. Re1 O-O-O 10. Bxe4 dxe4 11. Rxe4 Ne5 12. Rxe5 Qxe5 13. Nxe5 Bxd1 14.
Nxf7 Re8 15. Be3 Rg8 16. Nd2 Bh5 17. Ne5 Bd6 18. Ndc4 Be7 19. g4 Bg6 20. Nxg6
hxg6 21. Ne5 g5 22. Nf7 Kd7 23. Bxg5 Bxg5 24. Nxg5 Re2 25. b3 Rf8 26. f3 Ke7
27. h3 Kd6 28. c4 Kc6 29. Kf1 Rh2 30. Kg1 Re2 31. a3 Rfe8 32. d5+ Kd7 33. b4
R8e3 34. Rf1 Rxa3 35. Rf2 Ree3 36. Kg2 Rec3 37. Ne6 g6 38. Nc5+ Kc8 39. Re2 c6
40. d6 Re3 41. d7+ Kc7 42. Rd2 1-0

[Event "XIe open de Saint-Chély d'Aubrac"]
[Site "Saint-Chely d'Aubrac"]
[Date "2011.07.14"]
[Round "7.15"]
[White "Burri, Quentin"]
[Black "Manser, Lucas"]
[Result "1/2-1/2"]
[WhiteElo "1657"]
[BlackElo "1640"]
[PlyCount "65"]
[EventDate "2011.??.??"]

1. e4 c6 2. d4 d5 3. e5 Bf5 4. Bd3 Bxd3 5. Qxd3 e6 6. Ne2 Nd7 7. O-O c5 8. c3
cxd4 9. cxd4 Ne7 10. Nbc3 Nc6 11. a3 a6 12. f4 f5 13. exf6 Nxf6 14. Qh3 Qd7 15.
Rf3 Bd6 16. Re3 Kf7 17. g4 h6 18. Qf3 Kg8 19. f5 Re8 20. fxe6 Rxe6 21. h3 Rxe3
22. Bxe3 Kh7 23. Bf4 Bxf4 24. Nxf4 Rd8 25. Na4 Qe7 26. Rd1 Kg8 27. Nc3 Qd6 28.
h4 b5 29. g5 hxg5 30. hxg5 Nh7 31. Qxd5+ Qxd5 32. Nfxd5 Nxg5 33. Kf2 1/2-1/2

[Event "XIe open de Saint-Chély d'Aubrac"]
[Site "Saint-Chely d'Aubrac"]
[Date "2011.07.14"]
[Round "7.19"]
[White "Meyer, Bernard"]
[Black "Grange, Gary"]
[Result "0-1"]
[WhiteElo "1464"]
[BlackElo "1261"]
[PlyCount "73"]
[EventDate "2011.??.??"]

1. e4 Nf6 2. Nc3 d5 3. exd5 Nxd5 4. Nxd5 Qxd5 5. Nf3 Nc6 6. d4 Bg4 7. Be3 O-O-O
8. Be2 g6 9. O-O Bg7 10. c3 b6 11. a4 Rd6 12. b4 Qe4 13. Nd2 Bxe2 14. Nxe4 Bxd1
15. Nxd6+ cxd6 16. Raxd1 e5 17. dxe5 Bxe5 18. b5 Ne7 19. c4 Kc7 20. Bd4 Bxd4
21. Rxd4 Rd8 22. a5 bxa5 23. Ra1 Re8 24. Rxa5 Nc8 25. Rxa7+ Nxa7 26. h3 Re1+
27. Kh2 Rc1 28. f4 d5 29. cxd5 Nxb5 30. Rd2 Kd6 31. g4 Rc3 32. f5 Nc7 33. f6
Nxd5 34. g5 Ke6 35. h4 Nf4 36. Rd4 Rh3+ 37. Kg1 0-1